000
00303nam a22001337a 4500
008
170621b xxu||||| |||| 00| 0 eng d
020
_a
0195081919
041
_a
eng
080
_a
32
100
_a
20
101
_a
SHP
245
_a
THE POLITICS OF REGULATORY CHANGE
_c
HARRIS.R.A
942
_2
udc
_c
BK
999
_c
18404
_d
18404